000 01330cad a22002175a 4500
001 E148077
008 090721e20090720xxk f v 000 0 eng d
035 _a(Sirsi) u148077
041 0 _aeng
245 0 4 _aJonathan Bown v Bristol City Council
_h[electronic resource]
260 _c2009
520 _a[2009] EWHC 1747 (Admin), 20 July 2009. The case relates to the seeking by the Claimant (B) of an order under the Town and Country Planning Act 1990 S288 to quash a Woodland Tree Preservation Order (TPO) made by the Defendant (C) in respect of an area of woodland. D had previously worked for C as an arboricultural Officer and was against the imposition of a TPO by C. The Court has to consider whether B could be classed as an "aggrieved" person under S288 and therefore had a right to bring a claim. "Held": Claim dismissed. B is not an "aggrieved" person under S288 of The Act.
590 _aKA
650 2 4 _aBOWN V BRISTOL CITY COUNCIL
650 2 4 _aECO-ENERGY (GB) LTD V FIRST SOS AND ORS
650 2 4 _aTOWN AND COUNTRY PLANNING ACT 1990 S288
651 4 _aEngland and Wales
_y1543-
690 _aENVIRONMENTAL AND LAND CONSULTANCY-PLANNING AND DEVELOPMENT-DEVELOPMENT CONTROL
856 4 0 _uhttps://www.bailii.org/ew/cases/EWHC/Admin/2009/1747.html
_zView the case free of charge at www.bailli.org...
942 _n0
999 _c81715
_d81715